00695cas a2200145 4500008004100000022001300041035002000054050004200074245002100116260001000137310001400147362007400161520029400235650002000529170428n eng u a00425206 a(Sirsi) a202663 ahttp://www.jstor.org/subject/britstud aVictorian Poetry aJSTOR aQuarterly aVol. 1 , No. 1 , 1963 - Vol. 49 , No. 4 , 2011 aVictorian Poetry examines the poetry of the Victorian Period (1830-1914) from a broad range of theoretical/critical angles, including but not confined to new historicism, feminism, and social/cultural issues, and focuses on poets of all classes and genders in Britain and the Commonwealth. aBritish Studies